00341nam a2200109Ia 4500008004100000082002100041100001900062245004800081260002800129300000900157650006500166211119s9999||||xx |||||||||||||| ||und|| a574.524 9bSEH-P aSehgal, Rakesh 0aPracticals and Viva in Medical Parasitology bPearsonaNew Yorkc2003 a191p asciencevBiologyBiochemistryZoologyxPost Graduate Reference